000 00521nmm a2200169Ia 4500
008 251105s9999||||xx |||||||||||||||||und||
020 _a9788497429559
041 _aspa
100 _aGoic, Cedomil
245 0 _aBrevísima relación de la historia de la novela hispanoamericana
264 _a[Madrid, España] :
_bBiblioteca Nueva,
_c2009
300 _a110 páginas
490 _aRepertorio americano
650 _aLatin American literature
856 _uhttps://public.digitaliapublishing.com/a/1949
942 _cCF
999 _c90467
_d90467